000 00519nam a2200157 4500
008 161012b xxu||||| |||| 00| 0 eng d
022 _a0893-8989
082 _aDPer 363.205 P75 Aug 2014- Apr 2015 v. 38-39
100 _916046
_aScarlata, Paul
245 _aSmith & Wesson: M&P22 compact pistol/
_cPaul Scarlata.
260 _aCalifornia:
_bBobit Business Media,
_cc2014-2015.
300 _apages 20-23;
_c28 cm.
500 _aPolice: The Law Enforcement Magazine.
650 0 _916047
_aHandguns
942 _2ddc
_cPER
999 _c5162
_d5162